| 000 | 01390nam a2200217Ia 4500 | ||
|---|---|---|---|
| 003 | Ost | ||
| 005 | 20260507075632.0 | ||
| 008 | 260507s9999||||xx |||||||||||||| ||und|| | ||
| 040 | _cfsecg | ||
| 041 | _aara | ||
| 082 | _a657.95 | ||
| 100 |
_aشحاتة، أحمد بيوني _eمؤلف |
||
| 245 | 0 |
_aمحاسبة الشركات : _bأشخاص وأموال / _c أحمد بيوني شحاتة |
|
| 260 |
_aالإسكندرية: _bالدار الجامعية للنشر والتوزيع, _c1987 |
||
| 300 |
_a573 صفحة؛ _c24 سم |
||
| 490 | _aالمكتبة المحاسبية | ||
| 520 | _aفي المشاكل المحاسبية شركات الأشخاص ،تكوين شركات التضامن والتوصية البسيطة ،قياس وتوزيع الأرباح والخسائر ،تعديل الشركة ،التصفية والإندماج ،شركات المحاصة ،في المشاكل المحاسبية لشركة الأموال ،في شركات المساهمة ،السندات ،في إعداد القوائم المالية المجمعة للشركات القابضة والشركات التابعة لها ،إعداد القوائم المالية المجمعة ،إعداد القوائم المجمعة بعد تاريخ الإقتناء . | ||
| 653 | _aالشركات- محاسبة | ||
| 653 | _aالمؤسسات الاقتصادية | ||
| 942 | _cكتاب | ||
| 999 |
_c45225 _d45225 |
||